00885nam a22002417a 4500999001700000003000900017008004100026040007100067082001700138100001900155245002400174260003500198300002900233440002900262505011800291650003100409650003100440650002400471700002700495942001600522945000800538952009700546 c18437d18437AR-CdUCM190304b ||||| |||| 00| 0 spa d aMUNICIPALIDAD PROVINCIAL DEL CUSCOcBIBLIOTECA MUNICIPAL DEL CUSCO a333.7 /bG36 aGeorge, Pierre aEl medio ambiente / aBarcelona :bOikos-tau,c1972. a122 páginas ; c18 cm. a¿qué sé?n75939027 aContenido: El suelo -- La atmósfera y las aguas -- El medio ambiente de las sociedades rurales tradicionales... aElementos del suelo939028 aRitmos estacionales939029 aAlimentacion919429 aGiralt pont, A.921818 2ddccLIBROS arcc 002ddc4070aSHbSHcCARTd2019-05-14g15.00o333.7 / G36pSH0000013487r2019-05-14yLIBROS